000 00246nam a2200109Ia 4500
999 _c9946
_d9946
020 _a978-0131918351
100 _aWilliam Stallings
245 0 _aWireless Communications & Networks
260 _aIndia
_bDorling
_c2006
300 _a641
942 _cBK